000 00793nam a22002177a 4500
008 090203t xxu||||| |||| 00| 0 eng d
010 _aENG-92773
020 _c120.00
035 _aEN-76306
037 _bDBAD / PUB
040 _adpl
_bEnglish
082 _a005.7565
100 _aDeepa, O.
245 _aEasy way to MS-Access /
_cby O. Deepa
260 _aTamil Nadu
_bAnnamalai Educational Publications
_c2007
270 _a8/305, Thulasinga Nagar, Vaalparai
_bTamilnadu
_e642127
300 _a64p.
_c28cm (pbk)
650 _aMicrosoft Access.
942 _2ddc
_cEN
_mDEE
_h005.7565
999 _c22900
_d22900